000 00330 a2200109 4500
001 ART_9756
005 20260410161653.0
008 260409a
245 1 0 _aInnovación estratégica y creación de valor
100 1 _aHamel, Gary
773 0 _tHarvard Deusto Business Review
_g- Nº 84 (may./jun. 1998)
_wREV521
999 _c14429
_d14429